Wilhelm Groener : Weltkriegsgeneral und Reichsminister in der Weimarer Republik. Briefe, politische Korrespondenz und Vorträge 1916-1938 /

Wilhelm Groener (1867-1939) ist einer der profiliertesten Generäle des ersten Weltkriegs und einer der profiliertesten Politiker der Weimarer Zeit. Bis 1916 war er Feldeisenbahnchef, danach stand er an der Spitze des Kriegsamts, das das Hilfsdienstgesetz und das Hindenburg-Programm umzusetzen hatte....

Full description

Saved in:

Other Authors: Baumgart, Winfried (Editor)

Format: eBook

Language: English
German

Published: Paderborn : Ferdinand Schöningh, Brill Deutschland, 2026.

Series: Schöningh and Fink History Early Modern and Modern History E-Books Online, Collection 2026.

Subjects:

Online Access: Login to view Source

Tags: Add Tag

No Tags, Be the first to tag this record!

Call Number: D57

LEADER 02875nam a22004458i 4500
001 BRILL9783657798476
003 nllekb
005 20260324115026.0
006 m d
007 cr un uuuua
008 251205s2026 gw sb 001 0 eng d
020 |a 9783657798476  |q (electronic book) 
020 |z 9783506798473  |q (print) 
024 7 |a 10.1163/9783657798476  |2 DOI 
040 |a NL-LeKB  |c NL-LeKB  |e rda 
041 |a ger 
050 4 |a D57 
072 7 |a HBG  |2 bicssc 
072 7 |a HIS  |x 037000  |2 bisacsh 
082 0 4 |a 940  |2 23 
245 0 0 |a Wilhelm Groener :  |b Weltkriegsgeneral und Reichsminister in der Weimarer Republik. Briefe, politische Korrespondenz und Vorträge 1916-1938 /  |c edited by Winfried Baumgart. 
246 3 |a Weltkriegsgeneral und Reichsminister in der Weimarer Republik. Briefe, politische Korrespondenz und Vorträge 1916-1938 
264 1 |a Paderborn :  |b Ferdinand Schöningh, Brill Deutschland,  |c 2026. 
264 4 |c ©2026 
300 |a 1 online resource (475 pages) :  |b illustrations. 
336 |a text  |b txt  |2 rdacontent 
337 |a computer  |b c  |2 rdamedia 
338 |a online resource  |2 rdacarrier 
490 1 |a Schöningh and Fink History Early Modern and Modern History E-Books Online, Collection 2026 
504 |a Includes bibliographical references and index. 
520 |a Wilhelm Groener (1867-1939) ist einer der profiliertesten Generäle des ersten Weltkriegs und einer der profiliertesten Politiker der Weimarer Zeit. Bis 1916 war er Feldeisenbahnchef, danach stand er an der Spitze des Kriegsamts, das das Hilfsdienstgesetz und das Hindenburg-Programm umzusetzen hatte. 1918 war Groener der entscheidende Mann bei der deutschen Besetzung der Ukraine. In den Umbruchsmonaten 1918/19 war er als Nachfolger Ludendorffs Erster Generalquartiermeister und mußte das deutsche Millionenheer in das Hunderttausend-Mann-Heer überführen. Als Reichsverkehrsminister (192-23) hob er die neue Reichsbahn aus der Taufe. 1928 wurde Groener Reichswehrminister und ließ 1932 von Reichspräsident Hindenburg Hitlers SA verbieten. Darüber stürzte er, zusammen mit Reichskanzler Brüning, und ging in die innere Emigration. Die Dokumentensammlung gibt Einblick in die Stationen von Groeners Wirken.  
546 |a German 
588 |a Description based on print version record. 
650 0 0 |a History. 
650 0 0 |a Modern History. 
700 1 |a Baumgart, Winfried,  |e editor. 
776 0 8 |i Print version:  |t Wilhelm Groener : Weltkriegsgeneral und Reichsminister in der Weimarer Republik. Briefe, politische Korrespondenz und Vorträge 1916-1938.  |d Paderborn : Ferdinand Schöningh, Brill | Schöningh,2026.  |z 9783506798473  |w (OCoLC)1553858188 
830 0 |a Schöningh and Fink History Early Modern and Modern History E-Books Online, Collection 2026. 
856 4 |z DOI:  |u http://dx.doi.org/10.30965/9783657798476 
999 |c 61994  |d 61994